Limber up for the Olympics (Record no. 75925)

MARC details
000 -LEADER
fixed length control field 00961cab a2200181 4500
001 - CONTROL NUMBER
control field L131052
008 - FIXED-LENGTH DATA ELEMENTS--GENERAL INFORMATION
fixed length control field 050923n2005 000 0 eng u
035 ## - SYSTEM CONTROL NUMBER
System control number (Sirsi) u131052
041 0# - LANGUAGE CODE
Language code of text/sound track or separate title eng
100 1# - MAIN ENTRY--PERSONAL NAME
Personal name Majekodunmi, Olufunmi
245 00 - TITLE STATEMENT
Title Limber up for the Olympics
260 ## - PUBLICATION, DISTRIBUTION, ETC.
Date of publication, distribution, etc. 2005
490 #0 - SERIES STATEMENT
Series statement Construction Manager
Volume/sequential designation September 2005, 16-20(3)
520 ## - SUMMARY, ETC.
Summary, etc. Examination of how London can deliver the best Olympic Games ever in 2012. Includes best ideas that could be copied from previous hosts, such as development of a major integrated transport strategy, resolution of health and safety issues, use of different management team for each project, identification of construction skills shortages, total integration of contractors, good communication, careful control of procurement, costs and contracts, local involvement, tight security and early resolution of disputes.
590 ## - LOCAL NOTE (RLIN)
Local note IKA270905
690 ## - LOCAL SUBJECT ADDED ENTRY--TOPICAL TERM (OCLC, RLIN)
Topical term or geographic name as entry element Project management
9 (RLIN) 6261
942 ## - ADDED ENTRY ELEMENTS (KOHA)
Suppress in OPAC 0
Holdings
Withdrawn status Lost status Source of classification or shelving scheme Damaged status Not for loan Home library Current library Shelving location Date acquired Total Checkouts Full call number Barcode Date last seen Copy number Price effective from Koha item type
    Dewey Decimal Classification     London London Journal article 23/09/2005   L131052 131052-1001 06/08/2019 1 06/08/2019 Journal article